Principles and Practices of Assessment: A Guide for Assessors in The FE and Skills Sector (Record no. 4123)
[ view plain ]
| 005 - DATE AND TIME OF LATEST TRANSACTION | |
|---|---|
| control field | 20250616115912.0 |
| 020 ## - INTERNATIONAL STANDARD BOOK NUMBER | |
| International Standard Book Number | 978-1-4739-3938-7 |
| 082 ## - DEWEY DECIMAL CLASSIFICATION NUMBER | |
| Classification number | 374.126 GRA |
| 100 ## - MAIN ENTRY--PERSONAL NAME | |
| Author name | GRAVELLS, A. |
| 245 ## - TITLE STATEMENT | |
| Title | Principles and Practices of Assessment: A Guide for Assessors in The FE and Skills Sector |
| 250 ## - EDITION STATEMENT | |
| Edition statement | 3rd Ed. |
| 260 ## - PUBLICATION, DISTRIBUTION, ETC. | |
| Place of publication, distribution, etc. | London, |
| Name of publisher, distributor, etc. | Sage, |
| Date of publication, distribution, etc. | 2016. |
| 300 ## - PHYSICAL DESCRIPTION | |
| Extent | x, 171p.: ill.; figure, picture, table. |
| Other physical details | Index. |
| Dimensions | 25cm. |
| 856 ## - ELECTRONIC LOCATION AND ACCESS | |
| Link text | Access online book |
| Electronic name | Principles and Practices of Assessment |
| Path | www.learningmatters.co.uk |
| 942 ## - ADDED ENTRY ELEMENTS (KOHA) | |
| Source of classification or shelving scheme | Dewey Decimal Classification |
| Koha item type | Books |
| Date last seen | Total checkouts | Full call number | Barcode | Cost, replacement price | Price effective from | Koha item type | Lost status | Source of classification or shelving scheme | Damaged status | Not for loan | Withdrawn status | Home library | Current library | Shelving location | Date acquired | Cost, normal purchase price |
|---|---|---|---|---|---|---|---|---|---|---|---|---|---|---|---|---|
| 06/16/2025 | 374.126 GRA | 00000013083 | 102600.00 | 06/16/2025 | Books | Dewey Decimal Classification | College of Business Education Main Library | College of Business Education Main Library | General Collection | 04/04/2024 | 34200.00 | |||||
| 06/16/2025 | 374.126 GRA | 00000013084 | 102600.00 | 06/16/2025 | Books | Dewey Decimal Classification | College of Business Education Main Library | College of Business Education Main Library | General Collection | 04/04/2024 | 34200.00 | |||||
| 06/16/2025 | 374.126 GRA | 00000013085 | 102600.00 | 06/16/2025 | Books | Dewey Decimal Classification | College of Business Education Main Library | College of Business Education Main Library | General Collection | 04/04/2024 | 34200.00 | |||||
| 06/16/2025 | 374.126 GRA | 00000013086 | 102600.00 | 06/16/2025 | Books | Dewey Decimal Classification | College of Business Education Main Library | College of Business Education Main Library | General Collection | 04/04/2024 | 34200.00 | |||||
| 06/16/2025 | 374.126 GRA | 00000013087 | 102600.00 | 06/16/2025 | Books | Dewey Decimal Classification | College of Business Education Main Library | College of Business Education Main Library | General Collection | 04/04/2024 | 34200.00 |
